000 00945nam a22002417a 4500
008 171011s2008 sp||||| |||| 00| 0 spa d
020 _a9788496933279
082 0 4 _a708
_bM671g
100 1 _aMiró, Joan.
_96031
245 1 0 _aJoan Miró :
_bGalería de Antirretratos /
_ccuraduría por Rosa Maria Malet ; Museo de Arte de El Salvador.
250 _a1a edición.
260 _aEspaña :
_bMuseo de Arte de El Salvador,
_c2008.
300 _a99 páginas :
_bilustraciones en color.
500 _aCatálogo publicado con motivo a la exposición "Joan Miró: Galería de Antirretratos", presentada del 28 de octubre de 2008 al 18 de enero de 2009, en el Museo de Arte de El Salvador.
653 1 0 _aArte contemporáneo
653 1 0 _aCatálogo de exhibición
653 1 0 _aExhibiciones
653 1 0 _aPintura
653 1 0 _aArte surrealista
653 1 0 _aArte - España
653 1 0 _aPintores
710 1 _aMuseo de Arte de El Salvador.
_91833
999 _c1317
_d1317